[Event "BEM2013 Allgemeine Gruppe"]
[Site "Roses Westerndorf St. Peter"]
[Date "2013.08.30"]
[Round "8.4"]
[White "Willim, Michael"]
[Black "Knechtel, Roland"]
[Result "0-1"]
[WhiteElo "2111"]
[BlackElo "2221"]
[PlyCount "76"]
[EventDate "2013.??.??"]
[EventCountry "ESP"]
[WhiteTeam "SC Erlangen 48/88 e.V."]
[BlackTeam "SV Röhrnbach e.V."]

1. c4 g6 2. g3 Bg7 3. Bg2 e5 4. Nc3 d6 5. Rb1 a5 6. a3 Nf6 7. b4 axb4 8. axb4
O-O 9. c5 Nbd7 10. Nf3 Nh5 11. d3 Nxc5 12. Qc2 f5 13. O-O f4 14. Nd2 g5 15.
Nce4 Ne6 16. Bb2 g4 17. Ra1 Rb8 18. Rfe1 Kh8 19. Bc3 Qe7 20. Qb2 Nf6 21. b5 c6
22. Nxd6 fxg3 23. hxg3 Qxd6 24. Bxe5 Nd7 25. Bxd6 Bxb2 26. Ra2 Bd4 27. e3 Bb6
28. Bxf8 Ndxf8 29. d4 Kg7 30. d5 cxd5 31. Bxd5 Ng5 32. Rc1 Kf6 33. e4 Ng6 34.
Nc4 Bd4 35. Nd6 Bd7 36. Rc7 Ne5 37. Nxb7 Ngf3+ 38. Kf1 Bxb5+ 0-1

[Event "BEM2013 Allgemeine Gruppe"]
[Site "Roses Westerndorf St. Peter"]
[Date "2013.08.30"]
[Round "8.5"]
[White "Straub, Jürgen"]
[Black "Graf, Christian"]
[Result "0-1"]
[WhiteElo "2218"]
[BlackElo "2146"]
[PlyCount "82"]
[EventDate "2013.??.??"]
[EventCountry "ESP"]
[WhiteTeam "SK Ingolstadt"]
[BlackTeam "SU Ebersberg-Grafing"]

1. e4 c6 2. d4 d5 3. Nd2 dxe4 4. Nxe4 Bf5 5. Ng3 Bg6 6. h4 h6 7. f4 e6 8. Nf3
Bd6 9. h5 Bh7 10. Bd3 Bxd3 11. Qxd3 Nf6 12. Bd2 Nbd7 13. O-O-O Qc7 14. Ne5 Rf8
15. Ne4 Nxe4 16. Qxe4 Nf6 17. Qe2 O-O-O 18. Rh3 Kb8 19. g4 Nd5 20. c4 Ne7 21.
Be3 Ka8 22. Nd3 Qa5 23. Kb1 b5 24. c5 Bb8 25. Bf2 Nd5 26. Rf3 Rde8 27. Bg3 Qd8
28. Ne5 Bxe5 29. dxe5 f5 30. exf6 Qxf6 31. a4 a6 32. axb5 axb5 33. Qe1 Kb7 34.
Ra3 Ra8 35. Rxa8 Rxa8 36. Qd2 Ra4 37. Rf1 Rb4 38. Rf3 Ra4 39. Qd3 Rd4 40. Qe3
Rb4 41. Qd3 Qxb2# 0-1

[Event "BEM2013 Allgemeine Gruppe"]
[Site "Roses Westerndorf St. Peter"]
[Date "2013.08.30"]
[Round "8.6"]
[White "Zill, Christoph"]
[Black "Jussupow, Nadia"]
[Result "1/2-1/2"]
[WhiteElo "2205"]
[BlackElo "2156"]
[PlyCount "98"]
[EventDate "2013.??.??"]
[EventCountry "ESP"]
[WhiteTeam "SK Freising"]
[BlackTeam "SK Krumbach"]

1. e4 e6 2. d4 d5 3. Nc3 Nf6 4. Bg5 Bb4 5. exd5 Qxd5 6. Bxf6 Bxc3+ 7. bxc3 gxf6
8. Nf3 Bd7 9. Be2 Bc6 10. O-O Nd7 11. c4 Qf5 12. d5 exd5 13. Nd4 Qf4 14. Nxc6
bxc6 15. cxd5 Ne5 16. g3 Rg8 17. dxc6 Rd8 18. Qe1 Kf8 19. Rd1 Re8 20. Qc3 Qe4
21. Rfe1 Qxc6 22. Qxc6 Nxc6 23. Bb5 Rxe1+ 24. Rxe1 Nd4 25. Re8+ Kg7 26. Rxg8+
Kxg8 27. Ba4 Kf8 28. f4 Ke7 29. Kf2 Kd6 30. c3 Ne6 31. Ke3 h6 32. Be8 Ke7 33.
Bb5 Kd6 34. Ke4 Nc5+ 35. Kd4 Ne6+ 36. Ke3 Nc5 37. Be8 Ke7 38. Bc6 Kd6 39. Bf3
f5 40. Kd4 f6 41. Bg2 Na4 42. Bh3 c5+ 43. Kc4 Ke6 44. a3 a5 45. Kb3 Nxc3 46.
Kc4 Nb1 47. a4 Na3+ 48. Kxc5 Nc4 49. Kb5 Nd2 1/2-1/2

[Event "BEM2013 Allgemeine Gruppe"]
[Site "Roses Westerndorf St. Peter"]
[Date "2013.08.30"]
[Round "8.7"]
[White "Lentrodt, Thomas"]
[Black "Kunz, Konstantin"]
[Result "1/2-1/2"]
[WhiteElo "2274"]
[BlackElo "2174"]
[PlyCount "45"]
[EventDate "2013.??.??"]
[EventCountry "ESP"]
[WhiteTeam "FC Bayern München e.V."]
[BlackTeam "SC Kitzingen von 1905"]

1. e4 c5 2. Nf3 e6 3. b3 d6 4. Bb2 Nd7 5. d4 cxd4 6. Qxd4 a6 7. c4 Ngf6 8. Nc3
b6 9. Be2 Bb7 10. O-O Qc7 11. Rfe1 Be7 12. Bf1 O-O 13. Qd2 Rfe8 14. Rac1 Rac8
15. Nd4 Qb8 16. f3 Bd8 17. g3 Bc7 18. Bg2 h5 19. Nde2 Ba8 20. Qg5 Bd8 21. Qd2
Bc7 22. Qg5 Bd8 23. Qd2 1/2-1/2

[Event "BEM2013 Allgemeine Gruppe"]
[Site "Roses Westerndorf St. Peter"]
[Date "2013.08.30"]
[Round "8.8"]
[White "Schelle, Artur"]
[Black "Feldheim, Jonas"]
[Result "1-0"]
[WhiteElo "2210"]
[BlackElo "2009"]
[PlyCount "79"]
[EventDate "2013.??.??"]
[EventCountry "ESP"]
[WhiteTeam "SC Tarrasch 45 München"]
[BlackTeam "SC Bechhofen 1923 e.V."]

1. e4 c5 2. Nc3 g6 3. f4 Bg7 4. Nf3 Nc6 5. Bb5 Nd4 6. O-O Nxb5 7. Nxb5 d6 8. a4
Nh6 9. d3 O-O 10. f5 gxf5 11. Qe1 e5 12. Bg5 f6 13. Bxh6 Bxh6 14. exf5 Bxf5 15.
Qh4 Bg7 16. Qc4+ Kh8 17. Nh4 Bc8 18. Qd5 f5 19. Nf3 Rf6 20. Nxe5 Qg8 21. Qxg8+
Kxg8 22. Nc4 Bf8 23. Rae1 Bd7 24. Ne3 Re8 25. Nc7 Re5 26. b3 Rf7 27. Ncd5 Bc6
28. c4 Bh6 29. Nd1 Bxd5 30. Rxe5 dxe5 31. cxd5 Kf8 32. Re1 Re7 33. Kf2 Ke8 34.
Nb2 Bd2 35. Re2 Bc3 36. Nc4 Bd4+ 37. Kf3 b6 38. Nd6+ Kf8 39. g4 Re8 40. Nxe8
1-0

[Event "BEM2013 Allgemeine Gruppe"]
[Site "Roses Westerndorf St. Peter"]
[Date "2013.08.30"]
[Round "8.10"]
[White "Schatz, Christian"]
[Black "Wilfert, André"]
[Result "1-0"]
[WhiteElo "2193"]
[BlackElo "2057"]
[PlyCount "37"]
[EventDate "2013.??.??"]
[EventCountry "ESP"]
[WhiteTeam "Schachklub Schweinfurt 2000 e.V."]
[BlackTeam "1.FC Marktleuthen"]

1. Nf3 Nf6 2. d4 d5 3. c4 c6 4. e3 g6 5. Nc3 Bg7 6. Be2 O-O 7. O-O Nbd7 8. cxd5
Nxd5 9. Nxd5 cxd5 10. Qb3 Nf6 11. Bd2 Ne4 12. Rfd1 Nxd2 13. Rxd2 Qd6 14. Rc1 b6
15. Rdc2 Bb7 16. Qa4 a6 17. Rc7 Rfc8 18. Rxc8+ Bxc8 19. Qe8+ 1-0

[Event "BEM2013 Allgemeine Gruppe"]
[Site "Roses Westerndorf St. Peter"]
[Date "2013.08.30"]
[Round "8.11"]
[White "Müller, Michael"]
[Black "Schindler, Viktor"]
[Result "1-0"]
[WhiteElo "2091"]
[BlackElo "2120"]
[PlyCount "59"]
[EventDate "2013.??.??"]
[EventCountry "ESP"]
[WhiteTeam "SC Bayerwald Regen/Zwiesel e.V."]
[BlackTeam "PTSV SK Hof 1892"]

1. e4 c5 2. c4 Nc6 3. Nc3 g6 4. g3 Bg7 5. Bg2 Nf6 6. Nge2 O-O 7. a3 d6 8. Rb1
Bd7 9. O-O Qc8 10. b4 Bh3 11. d3 Bxg2 12. Kxg2 b6 13. b5 Nb8 14. Bg5 Nbd7 15.
Qd2 Re8 16. a4 e6 17. a5 Qc7 18. a6 Rac8 19. h3 Qb8 20. Bh6 Bh8 21. Kh2 Qa8 22.
f4 d5 23. e5 Nh5 24. g4 Ng7 25. Ng3 f6 26. Rbe1 fxe5 27. f5 exf5 28. gxf5 dxc4
29. Qg5 cxd3 30. Nce4 1-0

[Event "BEM2013 Allgemeine Gruppe"]
[Site "Roses Westerndorf St. Peter"]
[Date "2013.08.30"]
[Round "8.12"]
[White "Dirmeier, Carolin"]
[Black "Schlichtmann, Robin"]
[Result "0-1"]
[WhiteElo "2030"]
[BlackElo "1983"]
[PlyCount "78"]
[EventDate "2013.??.??"]
[EventCountry "ESP"]
[WhiteTeam "FC Bayern München e.V."]
[BlackTeam "SK Bruckmühl e.V."]

1. e4 e6 2. d4 d5 3. exd5 exd5 4. Nf3 Nc6 5. Bb5 Bd6 6. c4 dxc4 7. d5 a6 8. Ba4
b5 9. dxc6 bxa4 10. O-O Ne7 11. Qxa4 Rb8 12. Qxc4 Rb4 13. Qc3 O-O 14. b3 Nd5
15. Qc2 Bg4 16. Nbd2 Qf6 17. Ne4 Qg6 18. Nh4 Qxe4 19. Qxe4 Rxe4 20. f3 Bxf3 21.
Nxf3 Re2 22. Bg5 f6 23. Bh4 Rfe8 24. Rfe1 Nb4 25. Kf1 Rxe1+ 26. Bxe1 Nxc6 27.
Rc1 Ne5 28. Nxe5 Rxe5 29. h3 Rc5 30. Rd1 Rc2 31. a4 Rb2 32. Rd3 Kf7 33. Re3 f5
34. Ba5 Rc2 35. b4 Ra2 36. Rc3 Rxa4 37. Bxc7 Bxb4 38. Rc4 Ra1+ 39. Ke2 Be7 0-1

[Event "BEM2013 Allgemeine Gruppe"]
[Site "Roses Westerndorf St. Peter"]
[Date "2013.08.30"]
[Round "8.13"]
[White "Eichinger, Christoph"]
[Black "Kapfer, Ulrich"]
[Result "1-0"]
[WhiteElo "1989"]
[BlackElo "1937"]
[PlyCount "103"]
[EventDate "2013.??.??"]
[EventCountry "ESP"]
[WhiteTeam "TSV Kareth-Lappersdorf"]
[BlackTeam "SC Dillingen"]

1. e4 e6 2. b3 d5 3. Bb2 Nf6 4. e5 Nfd7 5. Qg4 c5 6. f4 Nc6 7. Nf3 a6 8. c3 b5
9. Na3 g6 10. Nc2 Qb6 11. d4 c4 12. Be2 h5 13. Qg3 Ne7 14. O-O Nf5 15. Qf2 Be7
16. g3 Bb7 17. Rfe1 Rb8 18. Rab1 Qd8 19. Bc1 Ba8 20. Bf1 Nf8 21. Ba3 Nd7 22.
Bxe7 Qxe7 23. Ng5 Kf8 24. Bg2 Kg7 25. Rec1 Qd8 26. Ne1 cxb3 27. axb3 Rc8 28.
Nd3 Qb6 29. b4 a5 30. Nc5 Nxc5 31. dxc5 Qc7 32. Bh3 a4 33. Bxf5 exf5 34. Nf3
Rcg8 35. Nd4 Bc6 36. Kf1 Kf8 37. Ke2 Ke7 38. Rg1 Kd7 39. Kd2 Kc8 40. Kc2 Kb8
41. Kb2 Rg7 42. Ka3 Rhg8 43. Qe2 Qb7 44. Qxh5 Kc7 45. Rh1 Qb8 46. Qf3 Qa8 47.
Rbg1 Rh8 48. h3 Qg8 49. Qd3 Qe8 50. Qe2 Rgh7 51. Qf1 Rh5 52. g4 1-0

[Event "BEM2013 Allgemeine Gruppe"]
[Site "Roses Westerndorf St. Peter"]
[Date "2013.08.30"]
[Round "8.14"]
[White "Nagy, Laszlo"]
[Black "Lochte, Thomas"]
[Result "1-0"]
[WhiteElo "1945"]
[BlackElo "2164"]
[PlyCount "87"]
[EventDate "2013.??.??"]
[EventCountry "ESP"]
[WhiteTeam "SG Vogtareuth-Prutting"]
[BlackTeam "SK Weilheim"]

1. d4 Nf6 2. Nf3 g6 3. g3 Bg7 4. Bg2 O-O 5. O-O c5 6. c3 d6 7. dxc5 dxc5 8.
Qxd8 Rxd8 9. Be3 Na6 10. Na3 Ng4 11. Rfd1 Be6 12. Rxd8+ Rxd8 13. Bf4 f6 14. h3
g5 15. Bxg5 fxg5 16. Nxg5 Bc8 17. hxg4 Nc7 18. Bf3 b5 19. Ne4 b4 20. Nc2 bxc3
21. bxc3 Nb5 22. Rb1 Nxc3 23. Rb8 Be5 24. Ra8 Nxe4 25. Bxe4 Kf7 26. Kh2 c4 27.
Bb7 Rd2 28. Rxc8 Rxc2 29. Bd5+ e6 30. Bxc4 Ke7 31. f4 Bd6 32. Kg2 a5 33. a4 e5
34. Kf3 Rc1 35. f5 Rf1+ 36. Kg2 Rc1 37. g5 Ba3 38. Kf3 Kd7 39. Be6+ Ke7 40.
Rxc1 Bxc1 41. e3 Bd2 42. Bg8 h6 43. gxh6 Kf6 44. g4 1-0

[Event "BEM2013 Allgemeine Gruppe"]
[Site "Roses Westerndorf St. Peter"]
[Date "2013.08.30"]
[Round "8.15"]
[White "Probst, Albert"]
[Black "Krenz, Dieter"]
[Result "1-0"]
[WhiteElo "2123"]
[BlackElo "2020"]
[PlyCount "95"]
[EventDate "2013.??.??"]
[EventCountry "ESP"]
[WhiteTeam "SK Bruckmühl e.V."]
[BlackTeam "SC Prichsenstadt"]

1. f4 d5 2. Nf3 Nf6 3. b3 g6 4. Bb2 Bg7 5. e3 O-O 6. Be2 c5 7. O-O Nc6 8. Ne5
Qc7 9. d3 b5 10. Nd2 Rb8 11. Bf3 Rd8 12. Qe2 a5 13. c4 bxc4 14. dxc4 Ba6 15.
Nxc6 Qxc6 16. Be5 Rb6 17. e4 dxc4 18. Nxc4 Rb4 19. Rfd1 Rc8 20. Bc3 Ne8 21. e5
Qe6 22. Bxb4 cxb4 23. Bd5 Qf5 24. Qf3 Nc7 25. g4 Qc2 26. Rac1 Qxa2 27. Rd2 Nxd5
28. Rxa2 e6 29. Rxa5 Bb7 30. Ra7 Ba8 31. Rca1 Bc6 32. Na5 Bb5 33. Nb7 Bf8 34.
Nd6 Rc3 35. Qf2 Bd3 36. Nxf7 Bc5 37. Nh6+ Kh8 38. Qxc5 Rxc5 39. g5 Nb6 40. Ra8+
Nc8 41. R1a7 Rc1+ 42. Kf2 Rc2+ 43. Ke3 Re2+ 44. Kxd3 Re3+ 45. Kc4 Rc3+ 46. Kb5
Rc7 47. Nf7+ Kg7 48. Rxc7 1-0

[Event "BEM2013 Allgemeine Gruppe"]
[Site "Roses Westerndorf St. Peter"]
[Date "2013.08.30"]
[Round "9.2"]
[White "Reich, Thomas"]
[Black "Zill, Christoph"]
[Result "1/2-1/2"]
[WhiteElo "2382"]
[BlackElo "2205"]
[PlyCount "33"]
[EventDate "2013.??.??"]
[EventCountry "ESP"]
[WhiteTeam "FC Bayern München e.V."]
[BlackTeam "SK Freising"]

1. d4 f5 2. c4 Nf6 3. Nc3 e6 4. Nf3 Bb4 5. Bd2 b6 6. g3 Bb7 7. Bg2 a5 8. O-O
O-O 9. Bg5 Bxc3 10. bxc3 h6 11. Bc1 Be4 12. Re1 d6 13. Bf1 Nbd7 14. Nd2 Bb7 15.
f3 Qe7 16. e3 e5 17. Ba3 1/2-1/2

[Event "BEM2013 Allgemeine Gruppe"]
[Site "Roses Westerndorf St. Peter"]
[Date "2013.08.30"]
[Round "9.3"]
[White "Schmid, Roland"]
[Black "Knechtel, Roland"]
[Result "1/2-1/2"]
[WhiteElo "2235"]
[BlackElo "2221"]
[PlyCount "31"]
[EventDate "2013.??.??"]
[EventCountry "ESP"]
[WhiteTeam "TSV Wacker Neutraubling"]
[BlackTeam "SV Röhrnbach e.V."]

1. d4 Nf6 2. c4 e6 3. Nc3 d5 4. cxd5 exd5 5. Bg5 Be7 6. e3 c6 7. Bd3 O-O 8. Qc2
Nbd7 9. Nge2 Re8 10. O-O Nf8 11. f3 Ng6 12. Rad1 Be6 13. Kh1 Qa5 14. Ng3 Ng4
15. b4 Bxb4 16. fxg4 1/2-1/2

[Event "BEM2013 Allgemeine Gruppe"]
[Site "Roses Westerndorf St. Peter"]
[Date "2013.08.30"]
[Round "9.4"]
[White "Jussupow, Nadia"]
[Black "Baldauf, Marco"]
[Result "0-1"]
[WhiteElo "2156"]
[BlackElo "2412"]
[PlyCount "37"]
[EventDate "2013.??.??"]
[EventCountry "ESP"]
[WhiteTeam "SK Krumbach"]
[BlackTeam "SG Pang-Rosenheim 1910 e.V."]

1. e4 e5 2. Nf3 Nc6 3. d4 exd4 4. c3 d5 5. exd5 Qxd5 6. cxd4 Bg4 7. Bd2 Bb4 8.
Nc3 Bxf3 9. Qxf3 Qc4 10. Qxc6+ bxc6 11. Be2 Qxe2+ 12. Kxe2 Nf6 13. Be3 O-O-O
14. Rhd1 Rhe8 15. Rac1 h5 16. a3 Ba5 17. Na4 Bb6 18. Kf3 Rd6 19. Nc5 0-1

[Event "BEM2013 Allgemeine Gruppe"]
[Site "Roses Westerndorf St. Peter"]
[Date "2013.08.30"]
[Round "9.5"]
[White "Bintakies, Michael"]
[Black "Pohl-Kuemmel, Jens-Uwe"]
[Result "1/2-1/2"]
[WhiteElo "2189"]
[BlackElo "2292"]
[PlyCount "49"]
[EventDate "2013.??.??"]
[EventCountry "ESP"]
[WhiteTeam "SK Kriegshaber"]
[BlackTeam "TSV Wacker Neutraubling"]

1. f4 d5 2. Nf3 g6 3. g3 Bg7 4. Bg2 Nf6 5. O-O b6 6. Ne5 Bb7 7. c4 O-O 8. Nc3
e6 9. d3 Na6 10. Qc2 Qe7 11. e4 dxe4 12. dxe4 Rfd8 13. Be3 Nd7 14. Nf3 Bxc3 15.
bxc3 Nf6 16. e5 Ng4 17. Bd4 c5 18. Bf2 Nxf2 19. Rxf2 Bxf3 20. Bxf3 Rac8 21. Rd1
Rxd1+ 22. Qxd1 Rd8 23. Rd2 Rxd2 24. Qxd2 Nb8 25. g4 1/2-1/2

[Event "BEM2013 Allgemeine Gruppe"]
[Site "Roses Westerndorf St. Peter"]
[Date "2013.08.30"]
[Round "9.6"]
[White "Lentrodt, Thomas"]
[Black "Schelle, Artur"]
[Result "1/2-1/2"]
[WhiteElo "2274"]
[BlackElo "2210"]
[PlyCount "21"]
[EventDate "2013.??.??"]
[EventCountry "ESP"]
[WhiteTeam "FC Bayern München e.V."]
[BlackTeam "SC Tarrasch 45 München"]

1. d4 e5 2. c4 Nf6 3. Nf3 d6 4. g3 g6 5. Bg2 Bg7 6. O-O O-O 7. Nc3 Nc6 8. d5
Na5 9. Nd2 c5 10. a3 Ng4 11. Qc2 1/2-1/2

[Event "BEM2013 Allgemeine Gruppe"]
[Site "Roses Westerndorf St. Peter"]
[Date "2013.08.30"]
[Round "9.7"]
[White "Müller, Michael"]
[Black "Straub, Jürgen"]
[Result "1/2-1/2"]
[WhiteElo "2091"]
[BlackElo "2218"]
[PlyCount "43"]
[EventDate "2013.??.??"]
[EventCountry "ESP"]
[WhiteTeam "SC Bayerwald Regen/Zwiesel e.V."]
[BlackTeam "SK Ingolstadt"]

1. e4 b6 2. d4 Bb7 3. Nc3 e6 4. a3 Nf6 5. e5 Nd5 6. Nxd5 Bxd5 7. Nf3 d6 8. Bd3
Nd7 9. O-O Be7 10. Re1 O-O 11. Qe2 dxe5 12. Nxe5 c5 13. Nxd7 Qxd7 14. dxc5 Bxc5
15. Be3 Qb7 16. f3 Bd6 17. c4 Bc6 18. Bxh7+ Kxh7 19. Qd3+ Kg8 20. Qxd6 Rfd8 21.
Qg3 f6 22. Qg6 1/2-1/2

[Event "BEM2013 Allgemeine Gruppe"]
[Site "Roses Westerndorf St. Peter"]
[Date "2013.08.30"]
[Round "9.8"]
[White "Schatz, Christian"]
[Black "Willim, Michael"]
[Result "1/2-1/2"]
[WhiteElo "2193"]
[BlackElo "2111"]
[PlyCount "89"]
[EventDate "2013.??.??"]
[EventCountry "ESP"]
[WhiteTeam "Schachklub Schweinfurt 2000 e.V."]
[BlackTeam "SC Erlangen 48/88 e.V."]

1. Nf3 g6 2. e4 Bg7 3. d4 d6 4. Nc3 a6 5. a4 b6 6. Bc4 e6 7. Be3 Bb7 8. O-O Nd7
9. h3 Ne7 10. Re1 h6 11. Qd2 Nf6 12. Bf4 d5 13. exd5 Nexd5 14. Be5 O-O 15. Rad1
Kh7 16. Nxd5 Nxd5 17. Bd3 Nf6 18. Qf4 Qe7 19. c4 Nh5 20. Qe3 Bxe5 21. dxe5 c5
22. Be4 Rfd8 23. g4 Ng7 24. Nd2 Ne8 25. Qf3 Bxe4 26. Nxe4 Kg7 27. Nd6 Ra7 28.
Nxe8+ Rxe8 29. Rd6 Qg5 30. Qe3 Rb7 31. f4 Qh4 32. Kg2 b5 33. cxb5 axb5 34. a5
Ra8 35. a6 Rba7 36. Ra1 c4 37. Qd2 b4 38. Qf2 Qxf2+ 39. Kxf2 c3 40. bxc3 bxc3
41. Ke2 Rc7 42. Kd3 c2 43. Rc1 Rcc8 44. Rxc2 Rxa6 45. Rxa6 1/2-1/2

[Event "BEM2013 Allgemeine Gruppe"]
[Site "Roses Westerndorf St. Peter"]
[Date "2013.08.30"]
[Round "9.10"]
[White "Eichner, Manfred"]
[Black "Eichinger, Christoph"]
[Result "1-0"]
[WhiteElo "2042"]
[BlackElo "1989"]
[PlyCount "122"]
[EventDate "2013.??.??"]
[EventCountry "ESP"]
[WhiteTeam "SK 1908 Göggingen"]
[BlackTeam "TSV Kareth-Lappersdorf"]

1. e4 c5 2. Nf3 e6 3. d3 Nc6 4. g3 d5 5. Nbd2 Nf6 6. Bg2 Be7 7. O-O Qc7 8. Re1
b6 9. e5 Nd7 10. Qe2 g5 11. h3 Bb7 12. d4 Nb4 13. Nf1 Ba6 14. Qd1 h6 15. a3 Nc6
16. c3 Na5 17. b4 Nc4 18. N3d2 Nxd2 19. Bxd2 Bxf1 20. Kxf1 c4 21. a4 a6 22. Qh5
O-O-O 23. Qxf7 Nf8 24. Qh5 Qd7 25. Re3 Qe8 26. Bf3 Ng6 27. Bg4 Qg8 28. Ke2 Rf8
29. Rf3 Rxf3 30. Bxf3 Qf7 31. Bg4 Kd7 32. Rf1 Rf8 33. f4 gxf4 34. gxf4 Nh4 35.
Qxf7 Rxf7 36. Rg1 Nf5 37. Bh5 Rg7 38. Rxg7 Nxg7 39. Bg6 Nf5 40. Be1 a5 41. b5
Bd8 42. Bf2 Be7 43. Bh5 Ba3 44. Bg6 Be7 45. Bh7 Nh4 46. Be3 Nf5 47. Bd2 h5 48.
Bg6 Ng7 49. Kf3 Bf8 50. f5 exf5 51. Bh6 Ke7 52. Bg5+ Ke6 53. Bh6 Ke7 54. Bg5+
Ke6 55. Kf4 Ba3 56. Kg3 f4+ 57. Bxf4 Nf5+ 58. Kf2 Bb2 59. Bd2 h4 60. Bh7 Ng3
61. Bg8+ Kf5 1-0

[Event "BEM2013 Allgemeine Gruppe"]
[Site "Roses Westerndorf St. Peter"]
[Date "2013.08.30"]
[Round "9.11"]
[White "Feldheim, Jonas"]
[Black "Nagy, Laszlo"]
[Result "0-1"]
[WhiteElo "2009"]
[BlackElo "1945"]
[PlyCount "120"]
[EventDate "2013.??.??"]
[EventCountry "ESP"]
[WhiteTeam "SC Bechhofen 1923 e.V."]
[BlackTeam "SG Vogtareuth-Prutting"]

1. e4 c5 2. Nc3 Nc6 3. Bb5 Nd4 4. Bc4 e6 5. Nge2 a6 6. Nxd4 cxd4 7. Ne2 b5 8.
Bb3 Qb6 9. O-O Ne7 10. d3 g6 11. Bg5 Bg7 12. f4 Nc6 13. f5 Be5 14. Qe1 Na5 15.
Qf2 Nxb3 16. fxg6 f5 17. g7 Bxg7 18. axb3 O-O 19. Qg3 Bb7 20. e5 Kh8 21. Rae1
Rac8 22. Nf4 Rxc2 23. Rf2 Rxf2 24. Kxf2 Qc5 25. Nh5 f4 26. Bxf4 Bxe5 27. Kg1
Rxf4 28. Nxf4 d6 29. Qf2 Qc8 30. Rf1 Qe8 31. Kh1 Qf7 32. Nh5 Qxf2 33. Rxf2 Kg8
34. Nf6+ Kg7 35. Ng4 Bd5 36. b4 Bb3 37. Kg1 Kg6 38. Nxe5+ dxe5 39. Kf1 Bd5 40.
Ke2 Kg5 41. Rf7 h5 42. Ra7 e4 43. Rxa6 e5 44. Rb6 exd3+ 45. Kxd3 Bxg2 46. Rb8
Kf5 47. Rf8+ Ke6 48. Rh8 Bf3 49. Rh6+ Kd5 50. b3 e4+ 51. Kd2 e3+ 52. Kd3 Bg4
53. Rf6 Ke5 54. Rf8 Bf5+ 55. Ke2 Ke4 56. Re8+ Kf4 57. Rf8 d3+ 58. Ke1 Ke4 59.
Re8+ Kd4 60. Rd8+ Kc3 0-1

[Event "BEM2013 Allgemeine Gruppe"]
[Site "Roses Westerndorf St. Peter"]
[Date "2013.08.30"]
[Round "9.12"]
[White "Schlichtmann, Robin"]
[Black "Schindler, Viktor"]
[Result "1/2-1/2"]
[WhiteElo "1983"]
[BlackElo "2120"]
[PlyCount "39"]
[EventDate "2013.??.??"]
[EventCountry "ESP"]
[WhiteTeam "SK Bruckmühl e.V."]
[BlackTeam "PTSV SK Hof 1892"]

1. e4 c5 2. Nc3 e6 3. g3 Nc6 4. Bg2 g6 5. d3 Bg7 6. f4 Nge7 7. e5 d5 8. exd6
Qxd6 9. Ne4 Qc7 10. Nf3 O-O 11. O-O b6 12. c3 Ba6 13. Qc2 Rad8 14. Rd1 Rd7 15.
Be3 Rfd8 16. Bf1 Bb7 17. Rd2 Nf5 18. Bf2 e5 19. fxe5 Nxe5 20. Nxe5 1/2-1/2

[Event "BEM2013 Allgemeine Gruppe"]
[Site "Roses Westerndorf St. Peter"]
[Date "2013.08.30"]
[Round "9.14"]
[White "Krenz, Dieter"]
[Black "Dirmeier, Carolin"]
[Result "1/2-1/2"]
[WhiteElo "2020"]
[BlackElo "2030"]
[PlyCount "87"]
[EventDate "2013.??.??"]
[EventCountry "ESP"]
[WhiteTeam "SC Prichsenstadt"]
[BlackTeam "FC Bayern München e.V."]

1. Nf3 f5 2. d4 Nf6 3. g3 g6 4. c4 Bg7 5. Nc3 O-O 6. Bg2 d6 7. O-O Qe8 8. d5 a5
9. Qc2 Na6 10. a3 Nc5 11. b3 e5 12. dxe6 Nxe6 13. Bb2 Bd7 14. Rfd1 Bc6 15. e3
h6 16. Nd5 Qf7 17. b4 axb4 18. axb4 Rxa1 19. Bxa1 Nxd5 20. cxd5 Bxd5 21. Rxd5
Bxa1 22. Rd1 Bg7 23. Ne1 c6 24. Rxd6 Qe7 25. Rd1 Qxb4 26. Nd3 Qe7 27. Qb3 Kh7
28. Rb1 Rd8 29. Bf1 Rd7 30. h4 h5 31. Qc2 Qf6 32. Ne1 Qc3 33. Qa2 Nc5 34. Nf3
Ne4 35. Bc4 Nd2 36. Ng5+ Kh6 37. Be6 Re7 38. Rd1 Ne4 39. Nf7+ Kh7 40. Rb1 b5
41. Nd8 b4 42. Bg8+ Kh8 43. Nf7+ Kxg8 44. Nh6+ 1/2-1/2

[Event "BEM2013 Allgemeine Gruppe"]
[Site "Roses Westerndorf St. Peter"]
[Date "2013.08.30"]
[Round "9.15"]
[White "Lochte, Thomas"]
[Black "Kapfer, Ulrich"]
[Result "1/2-1/2"]
[WhiteElo "2164"]
[BlackElo "1937"]
[PlyCount "40"]
[EventDate "2013.??.??"]
[EventCountry "ESP"]
[WhiteTeam "SK Weilheim"]
[BlackTeam "SC Dillingen"]

1. e4 e6 2. d4 d5 3. Nd2 Nf6 4. e5 Nfd7 5. Bd3 c5 6. c3 Nc6 7. Ne2 Qb6 8. O-O
cxd4 9. cxd4 Nxd4 10. Nxd4 Qxd4 11. Nf3 Qb6 12. Qa4 Bc5 13. a3 a6 14. Qg4 Kf8
15. b4 Be7 16. Be3 Qd8 17. Rfc1 Nb8 18. Bb6 Qe8 19. Rc7 Nc6 20. b5 axb5 1/2-1/2